000 00782nam a2200277Ia 4500
003 OSt
005 20221006153028.0
006 a|||||r|||| 00| 0
007 ta
008 221006b |||||||| |||| 00| 0 chi d
020 _a9787801498601
_c25yuan
024 _a31,064
037 _bGift, PRC
_cTextual
040 _aEASL
_cEASL
_bchi
041 _2chi
_achi
082 _aNQ41, 41P3-;2
100 _aSUN Yuan ming Ed.
_9662221
245 0 _aSong Yuan Ming Qing Ming Huatu Lu
260 _aBeijing
_bShi Hui Ke Xue Wen Xuan China
_c2003
300 _aVarious
_ccm.
490 _v CL
650 _aCL
_9642733
700 _a TANG Xi Ed.
_9662222
942 _hNQ41, 41P3-;2
_cTEXL
_2CC
999 _c1099150
_d1099150